| 000 | 00430nam a22001337a 4500 | ||
|---|---|---|---|
| 082 | _aT-261 | ||
| 100 |
_aAizaz Ahmad Khan _951842 |
||
| 245 | _aFormulation of a strategy based on the identified critical causes of schedule over run in mega construction | ||
| 260 |
_aRisalpur, _bMCE, _c2020. |
||
| 300 | _axiii,58p. | ||
| 526 |
_a0 _b0 _c0 _dT_261 |
||
| 650 |
_aConstruction Engineering and Management _928972 |
||
| 942 |
_2ddc _cBK |
||
| 999 |
_c554381 _d554381 |
||